YG - Groupes de l'agence - Statistiques

Statistiques générales
  • Ce quiz a été pris 110 fois
    9 depuis la dernière actualisation
  • Le résultat moyen est 4 sur 7
Statistiques - réponses
Lettres Groupes % Correct
B BabyMonster
100%
B Blackpink
100%
T Treasure
57%
Chiffres 2NE1
43%
W Winner
29%
A AKMU
14%
B BIGBANG
14%
Aucun quiz correspondant
Distribution des résultats
% des personnes avec chaque résultat
Percentile par nombre de réponses
Votre historique - résultats
Vous n’avez pas pris ce quiz depuis la dernière actualisation